000 00553nam a2200169Ia 4500
005 20250527102123.0
008 231217s9999 xx 000 0 und d
020 _a9780262112550
082 _a006.3 KEC;1 R
100 _aKecman, Vojislav.
245 0 _aLearning and soft computing : support vector machines, neural networks, and fuzzy logic models
260 _c2001
_bMIT Press
_aCambridge
300 _axxxii, 541
400 _aComplex adaptive systems
650 _asoft,computing,vector,machines,,neural,networks,,fuzzy,logic
942 _cAA
999 _c194014
_d194014